000 01663cam a2200433 a 4500
001 21412
003 VRT
005 20260228150054.0
008 180814s1978 xo a 0000j slo
015 _aSNBA1978
035 _aSNK000054201
039 9 _a202305061944
_bcsnk01
_c202304300720
_dAUTHORITY
_c202304300719
_dAUTHORITY
_c202304300719
_dAUTHORITY
040 _aSNK
_bslo
_cSNK
_eAACR2
041 1 _aslo
_hcze
044 _axo
_cSK
080 _a885.0-93(087.5)
_21981
080 _a398.2(=850)(087.5)
_21981
100 1 _aŘíha, Václav,
_d1867-1937
_4aut
245 1 0 _aVtáčik pre šťastie a iné rozprávky
_cVáclav Říha ; českého originálu Zvířátka a Petrovští a jiné pohádky preložila Silvia Kršková ; verše prebásnila Božena Trilecová ; ilustroval Jozef Chovan
250 _a1. vyd.
260 _aBratislava
_bMladé letá
_c1978
_eBanská Bystrica
_fTlačiarne SNP
300 _a172 s.
_c25 cm
366 _e17000 výt.
490 1 _aZ rozprávky do rozprávky
500 _aIlustrácie na frontispice a predsádkach
521 _aPre čitateľov od 9 rokov
655 7 _ačeské rozprávky
_2SNKPH
655 7 _aliteratúra pre deti
_2SNKPH
700 1 _aZávada, Vilém,
_d1905-1982
_4com
700 1 _aKršková, Silvia
_4trl
700 1 _aTrilecová, Božena,
_d1949-
_4trl
700 1 _aChovan, Jozef,
_d1911-1987
_4ill
830 0 _aZ rozprávky do rozprávky
942 _2ddc
_cKLDE
_n0
949 _6273K0300007
_asvkpoB 44909
_bsvkpo255004
949 _6270001000462943
_asvkbbB 4368
_bsvkbbm 337372
949 _617A1134144
_asnkSC 43770 D1
_bsnkKSP 2802/78
999 _c21412
_d21412